MLB Teams- Sudden Death (Many Answers!) - Statistics

General Stats
  • This quiz has been taken 83 times
  • The average score is 20 of 30
Answers on the Grid
Answers color-coded by a green-red scale on the quiz's grid according to % correct below.
49ers
76ers
Angels
Astros
Avalanche
A’s
Bears
Bengals
Bills
Blackhawks
Blazers
Blue Jackets
Blue Jays
Blues
Braves
Brewers
Broncos
Browns
Bruins
Buccaneers
Bucks
Bulls
Canadiens
Canucks
Capitals
Cardinals (AZ)
Cardinals (STL)
Cavaliers
Celtics
Chargers
Chiefs
Clippers
Colts
Commanders
Cowboys
Cubs
Devils
Diamondbacks
Dodgers
Dolphins
Ducks
Eagles
Falcons
Flames
Flyers
Giants (NY)
Giants (SF)
Grizzlies
Guardians
Hawks
Heat
Hornets
Hurricanes
Islanders
Jaguars
Jazz
Jets (WIN)
Jets (NY)
Kings (SAC)
Kings (LA)
Knicks
Knights
Kraken
Lakers
Lightning
Lions
Magic
Mammoth
Maple Leafs
Mariners
Marlins
Mavericks
Mets
Nationals
Nets
Nuggets
Oilers
Orioles
Pacers
Packers
Padres
Panthers (CAR)
Panthers (FL)
Patriots
Pelicans
Penguins
Phillies
Pirates
Pistons
Predators
Raiders
Rams
Rangers (NY)
Rangers (TEX)
Raptors
Ravens
Rays
Red Sox
Red Wings
Reds
Rockets
Rockies
Royals
Sabres
Saints
Seahawks
Senators
Sharks
Spurs
Stars
Steelers
Suns
Texans
Thunder
Tigers
Timberwolves
Titans
Twins
Vikings
Warriors
White Sox
Wild
Wizards
Yankees
 
Answer Stats
Answer % Correct
A’s
80%
Brewers
80%
Astros
78%
Braves
78%
Angels
76%
Blue Jays
76%
Cardinals (STL)
72%
Giants (SF)
70%
Cubs
68%
Diamondbacks
68%
Guardians
68%
Phillies
68%
Twins
68%
Dodgers
66%
Mariners
66%
Mets
66%
Nationals
66%
Royals
66%
Marlins
64%
Padres
64%
Reds
64%
Red Sox
64%
Rockies
64%
Yankees
64%
Orioles
62%
Pirates
62%
Tigers
62%
White Sox
62%
Rangers (TEX)
60%
Rays
60%
No matching quizzes found
Score Distribution
Percent of People with Each Score
Percentile by Number Answered
Your Score History
You have not taken this quiz